<?xml version="1.0" encoding="UTF-8"?>
<marc:record xmlns:marc="http://www.loc.gov/MARC21/slim">
   <marc:leader>00000nam a2200000 a 4500</marc:leader>
   <marc:datafield ind1="1" ind2=" " tag="100">
      <marc:subfield code="a">MacCombie, Karen</marc:subfield>
      <marc:subfield code="4">aut</marc:subfield>
      <marc:subfield code="e">Verfasser/-in</marc:subfield>
   </marc:datafield>
   <marc:datafield ind1="0" ind2="0" tag="245">
      <marc:subfield code="a">Abbys haarsträubende Missgeschicke</marc:subfield>
   </marc:datafield>
   <marc:datafield ind1="0" ind2="0" tag="245">
      <marc:subfield code="c">Karen McCombie</marc:subfield>
   </marc:datafield>
   <marc:datafield ind1=" " ind2="1" tag="264">
      <marc:subfield code="a">Bindlach</marc:subfield>
      <marc:subfield code="b">Loewe Verlag GmbH</marc:subfield>
      <marc:subfield code="c">2003</marc:subfield>
   </marc:datafield>
   <marc:datafield ind1="1" ind2=" " tag="520">
      <marc:subfield code="a">Im turbulenten Familienalltag hat es Abby nicht leicht. (ab 12) (JE)      In Abbys Familie geht es turbulent zu: Linn, Rowan, Abby und Tor werden vom Vater und von der Großmutter versorgt. Die Mutter verließ die Familie für Reisen rund um die Welt. Abby versucht unter diesen chaotischen Zuständen angestrengt alles richtig zu machen. Sie setzt sich für ihre ältere Schwester Rowan ein, die in Probleme mit ihren Mitschülerinnen verwickelt ist. Abby weiß zu helfen. - Ein Jugendbuch, dessen Inhalt und Sprache das Bild einer Familie aus der Gegenwart widerspiegelt: oft problembeladen, chaotisch, düster. Der Vater als Halt fühlt sich in manchen Situationen überfordert, Rowan nützt seine Gutmütigkeit aus. Die Leser/innen werden mit diesem Buch mit starken Familienalltagsproblemen konfrontiert. Vielleicht eine Hilfe für Konfliktlösungen! Zu empfehlen.  *bn* Gabriela Schiestl</marc:subfield>
   </marc:datafield>
   <marc:datafield ind1=" " ind2=" " tag="020">
      <marc:subfield code="a">9783785546307</marc:subfield>
      <marc:subfield code="9">9783785546307</marc:subfield>
   </marc:datafield>
   <marc:datafield ind1=" " ind2=" " tag="041">
      <marc:subfield code="a">ger</marc:subfield>
   </marc:datafield>
   <marc:datafield ind1=" " ind2=" " tag="300">
      <marc:subfield code="a">189 S.</marc:subfield>
   </marc:datafield>
</marc:record>
